Disney Movies Of The 1970's - Statistics

General Stats
  • This quiz has been taken 101 times
  • The average score is 18 of 48
Answer Stats
Year Movie % Correct
1970 The Aristocats
95%
1973 Robin Hood
85%
1977 The Rescuers
70%
1971 Bedknobs And Broomsticks
55%
1977 The Many Adventures Of Winnie The Pooh
55%
1976 Freaky Friday
45%
1979 The Black Hole
45%
1977 Candleshoe
40%
1975 One Of Our Dinosaurs Is Missing
40%
1975 The Apple Dumpling Gang
40%
1973 Charley And The Angel
35%
1975 Escape To Witch Mountain
35%
1976 Gus
35%
1977 Herbie Goes To Monte Carlo
35%
1974 Herbie Rides Again
35%
1972 Napoleon And Samantha
35%
1976 No Deposit, No Return
35%
1977 Pete's Dragon
35%
1972 Snowball Express
35%
1979 The Apple Dumpling Gang Rides Again
35%
1971 The Barefoot Executive
35%
1974 The Bears And I
35%
1970 The Boatniks
35%
1974 The Castaway Cowboy
35%
1978 The Cat From Outer Space
35%
1974 The Island At The Top Of The World
35%
1971 The Million Dollar Duck
35%
1979 The North Avenue Irregulars
35%
1976 The Shaggy D.A.
35%
1975 The Strongest Man In The World
35%
1970 The Wild Country
35%
1973 The World's Greatest Athlete
35%
1976 Treasure Of Matecumbe
35%
1979 Unidentified Flying Oddball
35%
1978 Hot Lead And Cold Feet
30%
1970 King Of The Grizzlies
30%
1973 One Little Indian
30%
1978 Return From Witch Mountain
30%
1975 Ride A Wild Pony
30%
1972 Run, Cougar, Run
30%
1971 Scandalous John
30%
1973 Superdad
30%
1972 The Biscuit Eater
30%
1977 The Littlest Horse Thieves
30%
1977 A Tale Of Two Critters
25%
1972 Now You See Him, Now You Don't
25%
1975 The Best Of Walt Disney's True-Life Adventures
20%
1979 The London Connection
20%
No matching quizzes found
Score Distribution
Percent of People with Each Score
Percentile by Number Answered
Your Score History
You have not taken this quiz